<?xml version="1.0" encoding="UTF-8"?>
<record
    xmlns:xsi="http://www.w3.org/2001/XMLSchema-instance"
    xsi:schemaLocation="http://www.loc.gov/MARC21/slim http://www.loc.gov/standards/marcxml/schema/MARC21slim.xsd"
    xmlns="http://www.loc.gov/MARC21/slim">

  <leader>01535nam a22002177a 4500</leader>
  <datafield tag="999" ind1=" " ind2=" ">
    <subfield code="c">358289</subfield>
    <subfield code="d">358290</subfield>
  </datafield>
  <controlfield tag="003">IT-MiCISF</controlfield>
  <controlfield tag="005">20190509153801.0</controlfield>
  <controlfield tag="008">190509b           ||||| |||| 00| 0 eng d</controlfield>
  <datafield tag="040" ind1=" " ind2=" ">
    <subfield code="c">IT-MiCISF</subfield>
  </datafield>
  <datafield tag="041" ind1=" " ind2=" ">
    <subfield code="a">it</subfield>
  </datafield>
  <datafield tag="100" ind1=" " ind2=" ">
    <subfield code="a">Attwood Tony</subfield>
    <subfield code="9">57842</subfield>
  </datafield>
  <datafield tag="245" ind1=" " ind2=" ">
    <subfield code="a">Guida completa alla sindrome di Asperger</subfield>
  </datafield>
  <datafield tag="260" ind1=" " ind2=" ">
    <subfield code="a">Milano</subfield>
    <subfield code="b">Edra</subfield>
    <subfield code="c">2019</subfield>
  </datafield>
  <datafield tag="300" ind1=" " ind2=" ">
    <subfield code="a">pp. 506</subfield>
  </datafield>
  <datafield tag="500" ind1=" " ind2=" ">
    <subfield code="a">disturbi-sviluppo, cura, educazione, comportamento</subfield>
  </datafield>
  <datafield tag="501" ind1=" " ind2=" ">
    <subfield code="a">a cura di Moscone D., Vagni D.</subfield>
  </datafield>
  <datafield tag="520" ind1=" " ind2=" ">
    <subfield code="a">Il volume, in nuova edizione italiana aggiornata ai nuovi criteri diagnostici presenti nel DSM-5 e alle ultime evidenze scientifiche, fornisce a professionisti e familiari le informazioni pi&#xF9; recenti per capire, aiutare e prendersi cura di bambini e adulti con condizioni dello spettro autistico senza disabilit&#xE0; intellettiva e con linguaggio funzionale, ed &#xE8; stato scritto anche a diretto vantaggio delle persone Asperger. Grazie a numerose testimonianze dirette, il volume spiega il loro modo di pensare, per far s&#xEC; che accettino la propria diversit&#xE0; e individuino i propri punti di forza. La Guida prende in esame la Sindrome in tutti i suoi aspetti pi&#xF9; rilevanti - l'espressione delle emozioni, il linguaggio e le abilit&#xE0; cognitive, gli interessi speciali, il movimento e la coordinazione, la sensibilit&#xE0; sensoriale, le relazioni sociali in particolare a scuola e sul lavoro - offrendo le relative migliori strategie di intervento, anche psicoterapico.</subfield>
  </datafield>
  <datafield tag="650" ind1=" " ind2=" ">
    <subfield code="a">salute-cura</subfield>
    <subfield code="9">56220</subfield>
  </datafield>
  <datafield tag="654" ind1=" " ind2=" ">
    <subfield code="a">studio</subfield>
  </datafield>
  <datafield tag="942" ind1=" " ind2=" ">
    <subfield code="2">ddc</subfield>
    <subfield code="c">BK</subfield>
  </datafield>
  <datafield tag="952" ind1=" " ind2=" ">
    <subfield code="0">0</subfield>
    <subfield code="1">0</subfield>
    <subfield code="2">ddc</subfield>
    <subfield code="4">0</subfield>
    <subfield code="6">B_7528_000000000000000</subfield>
    <subfield code="7">1</subfield>
    <subfield code="a">CISF</subfield>
    <subfield code="b">CISF</subfield>
    <subfield code="d">2019-05-09</subfield>
    <subfield code="l">0</subfield>
    <subfield code="o">b7528</subfield>
    <subfield code="p">9788821448843</subfield>
    <subfield code="r">2019-05-09 00:00:00</subfield>
    <subfield code="w">2019-05-09</subfield>
    <subfield code="y">BK</subfield>
  </datafield>
</record>
